Luật khuyến khích đầu tư trong nước và các văn bản hướng dẫn thi hành

Uloženo v:
Podrobná bibliografie
Korporativní autor: Việt Nam
Médium: Kniha
Jazyk:Undetermined
Vydáno: Hà Nội Chính Trị Quốc Gia 1999
Témata:
Tagy: Přidat tag
Žádné tagy, Buďte první, kdo otaguje tento záznam!
Thư viện lưu trữ: Trung tâm Học liệu Trường Đại học Cần Thơ
LEADER 00656nam a2200217Ia 4500
001 CTU_40396
008 210402s9999 xx 000 0 und d
020 |c 12000 
082 |a 346.597066 
082 |b L504 
110 |a Việt Nam 
245 0 |a Luật khuyến khích đầu tư trong nước và các văn bản hướng dẫn thi hành 
245 0 |c Việt Nam 
260 |a Hà Nội 
260 |b Chính Trị Quốc Gia 
260 |c 1999 
650 |a Investments 
650 |x Law and legislation 
650 |z Vietnam 
904 |i Minh, Huỳnh Mai 
980 |a Trung tâm Học liệu Trường Đại học Cần Thơ